Welcome to CU Library Online Public Access Catalogue (OPAC)

International logistics and supply chain outsourcing : (Record no. 4446)

MARC details
000 -LEADER
fixed length control field 01140cam a2200277 a 4500
001 - CONTROL NUMBER
control field 14710853
005 - DATE AND TIME OF LATEST TRANSACTION
control field 20250228174927.0
008 - FIXED-LENGTH DATA ELEMENTS--GENERAL INFORMATION
fixed length control field 070125s2007 enka b 001 0 eng
020 ## - INTERNATIONAL STANDARD BOOK NUMBER
International Standard Book Number 9780749448141
020 ## - INTERNATIONAL STANDARD BOOK NUMBER
International Standard Book Number 0749448148
050 00 - LIBRARY OF CONGRESS CALL NUMBER
Classification number HD38.5
Item number .R867 2007
082 00 - DEWEY DECIMAL CLASSIFICATION NUMBER
Classification number 658.7
Edition information 22
100 1# - MAIN ENTRY--PERSONAL NAME
Personal name Rushton, Alan.
245 10 - TITLE STATEMENT
Title International logistics and supply chain outsourcing :
Remainder of title from local to global /
Statement of responsibility, etc. Alan Rushton and Steve Walker.
260 ## - PUBLICATION, DISTRIBUTION, ETC.
Place of publication, distribution, etc. London ;
-- Philadelphia :
Name of publisher, distributor, etc. Kogan Page,
Date of publication, distribution, etc. c2007.
300 ## - PHYSICAL DESCRIPTION
Extent viii, 424 p. :
Other physical details ill. ;
Dimensions 24 cm.
500 ## - GENERAL NOTE
General note "The Chartered Institute of Logistics and Transport (UK)."
650 #0 - SUBJECT ADDED ENTRY--TOPICAL TERM
Topical term or geographic name entry element Business logistics.
650 #0 - SUBJECT ADDED ENTRY--TOPICAL TERM
Topical term or geographic name entry element Contracting out.
700 1# - ADDED ENTRY--PERSONAL NAME
Personal name Walker, Steve,
Dates associated with a name 1959-
710 2# - ADDED ENTRY--CORPORATE NAME
Corporate name or jurisdiction name as entry element Chartered Institute of Logistics and Transport in the UK.
856 41 - ELECTRONIC LOCATION AND ACCESS
Materials specified Table of contents only
Uniform Resource Identifier <a href="http://www.loc.gov/catdir/toc/ecip0710/2007002315.html">http://www.loc.gov/catdir/toc/ecip0710/2007002315.html</a>
856 42 - ELECTRONIC LOCATION AND ACCESS
Materials specified Publisher description
Uniform Resource Identifier <a href="http://www.loc.gov/catdir/enhancements/fy0715/2007002315-d.html">http://www.loc.gov/catdir/enhancements/fy0715/2007002315-d.html</a>
856 42 - ELECTRONIC LOCATION AND ACCESS
Materials specified Contributor biographical information
Uniform Resource Identifier <a href="http://www.loc.gov/catdir/enhancements/fy0912/2007002315-b.html">http://www.loc.gov/catdir/enhancements/fy0912/2007002315-b.html</a>
942 ## - ADDED ENTRY ELEMENTS (KOHA)
Source of classification or shelving scheme Library of Congress Classification
Koha item type Books
Suppress in OPAC No
999 ## -
-- 4446
-- 4446
Holdings
Withdrawn status Lost status Source of classification or shelving scheme Damaged status Not for loan Collection Home library Current library Shelving location Date acquired Total checkouts Full call number Barcode Date last seen Copy number Price effective from Koha item type
    Library of Congress Classification     Non-fiction Business Library (Miotso) Business Library (Miotso) General stacks 03/18/2026   HD38.5.R867 RUS BSSM00002895 03/18/2026 1 03/18/2026 Books
    Library of Congress Classification     Non-fiction Undergraduate Library (Christ Temple) Undergraduate Library (Christ Temple) General stacks 02/28/2025   HD38.5.R867 RUS ulct00001470 02/28/2025 1 02/28/2025 Books
© 2023-2024 Copyright: Central University Libraries. All Rights Reserved | Created by: Mahone Tech Office